| 000 | 00000nam##2200000za#4500 |
| 001 | 9.615426 |
| 003 | CaOODSP |
| 005 | 20200514165626 |
| 007 | ta |
| 008 | 150406|2000||||xxc||||| f|0| 0 eng|d |
| 040 | |aCaOODSP|beng |
| 043 | |an-cn--- |
| 086 | 1 |aNH18-22/100-120E |
| 110 | 2 |aCanada Mortgage and Housing Corporation. |
| 245 | 10|aExterior insulation and finish systems (EIFS) : |bproblems, causes and solutions |
| 260 | |aOttawa - Ontario : |bCanada Mortgage and Housing Corporation |c2000. |
| 300 | |a4p. ; |c28 cm. |
| 490 | 1 |aResearch highlight. Technical series|v00-120 |
| 563 | |aPamphlet |
| 590 | |a01-02|b2001-01-12 |
| 690 | 07|aConstruction materials|2gcpds |
| 690 | 07|aInsulation|2gcpds |
| 776 | 0#|tExterior Insulation and Finish Systems (EIFS) : |w(CaOODSP)9.580792 |
| 830 | #0|aResearch highlight. Technical series ;|v00-120|w(CaOODSP)9.514826 |
| 986 | |aNHA 2266 |